[Event "Titled Tuesday intern op 4th Aug 10am f"]
[Site "Chess.com INT"]
[Date "2020.08.04"]
[Round "2.2"]
[White "Onischuk, Vladimir"]
[Black "Svidler, Peter"]
[Result "0-1"]
[WhiteElo "2633"]
[BlackElo "2723"]
[PlyCount "110"]
[EventDate "2020.08.04"]
[EventType "k.o. (blitz)"]
[EventRounds "3"]
[EventCountry "USA"]
[SourceTitle "CBM 197 Extra"]
[Source "ChessBase"]
[SourceDate "2020.09.30"]
[SourceVersion "1"]
[SourceVersionDate "2020.09.30"]
[SourceQuality "1"]

1. e4 e5 2. Nf3 Nc6 3. Bc4 Bc5 4. d3 Nf6 5. Nbd2 d6 6. c3 a5 7. O-O O-O 8. h3
h6 9. Re1 a4 10. Nf1 Ra5 11. a3 Be6 12. Bxe6 fxe6 13. Ng3 Ra8 14. d4 exd4 15.
cxd4 Bb6 16. Be3 Qd7 17. Rc1 Na5 18. Qd3 Nb3 19. Rc2 Ra5 20. Ne2 Qb5 21. Qxb5
Rxb5 22. Nc3 Ra5 23. Nd2 Nxd2 24. Rxd2 d5 25. e5 Nd7 26. Rc1 c5 27. Ne2 c4 28.
g4 Raa8 29. Kg2 Ba5 30. Rdd1 b5 31. f4 b4 32. axb4 Bxb4 33. Ra1 Nb6 34. Rf1
Rfc8 35. f5 c3 36. bxc3 Bxc3 37. Rac1 Bb2 38. Rxc8+ Rxc8 39. fxe6 a3 40. Bc1
Nc4 41. Kg3 Re8 42. Bxb2 axb2 43. Rb1 Rxe6 44. Nf4 Rb6 45. Nxd5 Rb3+ 46. Kf4
Na3 47. Rxb2 Rxb2 48. e6 Nc4 49. Ne7+ Kf8 50. Ng6+ Ke8 51. d5 Rd2 52. Ke4 Nd6+
53. Ke5 Nc4+ 54. Ke4 Nb6 55. Nf4 g5 0-1

[Event "Titled Tuesday intern op 4th Aug 10am f"]
[Site "Chess.com INT"]
[Date "2020.08.04"]
[Round "3.1"]
[White "Anton Guijarro, David"]
[Black "Svidler, Peter"]
[Result "1-0"]
[WhiteElo "2688"]
[BlackElo "2723"]
[PlyCount "101"]
[EventDate "2020.08.04"]
[EventType "k.o. (blitz)"]
[EventRounds "3"]
[EventCountry "USA"]
[SourceTitle "CBM 197 Extra"]
[Source "ChessBase"]
[SourceDate "2020.09.30"]
[SourceVersion "1"]
[SourceVersionDate "2020.09.30"]
[SourceQuality "1"]

1. Nf3 d5 2. b3 c5 3. e3 f6 4. d4 cxd4 5. exd4 Nc6 6. Bb2 Bg4 7. Be2 e6 8. O-O
Bd6 9. c4 Nge7 10. Nc3 Qd7 11. Nb5 Bb8 12. Re1 O-O 13. h3 Bh5 14. Nh4 Bf7 15.
Rc1 a6 16. Na3 Ba7 17. Nc2 Rad8 18. Nf3 Rfe8 19. c5 Bb8 20. b4 e5 21. dxe5 fxe5
22. Ng5 Bg6 23. Bg4 Bf5 24. Ne3 Bxg4 25. Qxg4 Qxg4 26. Nxg4 Nxb4 27. Ne6 Rc8
28. Bxe5 Nd3 29. Bxg7 Nf5 30. Nf6+ Kf7 31. Ng5+ Kxg7 32. Rxe8 Rxe8 33. Nxe8+
Kg6 34. Rd1 Nf4 35. Nf3 d4 36. Kf1 Kf7 37. Nd6+ Bxd6 38. cxd6 Ne6 39. g4 Nxd6
40. Nxd4 Nc5 41. Nf3 Nde4 42. Ne5+ Ke6 43. f4 b5 44. Nf3 Nc3 45. Re1+ Kd5 46.
f5 Nxa2 47. f6 Nc3 48. f7 Nd7 49. Re7 Nf8 50. Re8 Ng6 51. h4 1-0

[Event "Titled Tuesday intern op 4th Aug 10am f"]
[Site "Chess.com INT"]
[Date "2020.08.04"]
[Round "3.2"]
[White "Svidler, Peter"]
[Black "Anton Guijarro, David"]
[Result "0-1"]
[WhiteElo "2723"]
[BlackElo "2688"]
[PlyCount "90"]
[EventDate "2020.08.04"]
[EventType "k.o. (blitz)"]
[EventRounds "3"]
[EventCountry "USA"]
[SourceTitle "CBM 197 Extra"]
[Source "ChessBase"]
[SourceDate "2020.09.30"]
[SourceVersion "1"]
[SourceVersionDate "2020.09.30"]
[SourceQuality "1"]

1. e4 e5 2. Bc4 Nc6 3. Nc3 Nf6 4. d3 Na5 5. Nge2 Bc5 6. a4 Nxc4 7. dxc4 d6 8.
h3 a5 9. Qd3 Be6 10. b3 Nd7 11. Be3 O-O 12. Bxc5 Nxc5 13. Qe3 f5 14. exf5 Bxf5
15. O-O-O Bd7 16. Rhf1 Bc6 17. f3 Ne6 18. Kb2 Qf6 19. Ng3 Qg6 20. Qf2 b6 21.
Rd2 Rae8 22. Nge4 Ng5 23. Nxg5 Qxg5 24. Qe1 h6 25. Rff2 Qg6 26. Nd1 Rf4 27. Ne3
Ref8 28. Nd5 Bxd5 29. Rxd5 e4 30. Qc3 exf3 31. Rxf3 Rxf3 32. gxf3 Qf6 33. Rd3
Qxc3+ 34. Kxc3 Rf4 35. b4 axb4+ 36. Kxb4 Kf7 37. Kb5 Ke6 38. c3 Kd7 39. c5 bxc5
40. a5 Rf8 41. f4 Rb8+ 42. Kc4 Kc6 43. Rg3 Rf8 44. Rxg7 Rxf4+ 45. Kb3 Rh4 0-1

[Event "Titled Tuesday intern op 4th Aug 2pm"]
[Site "Chess.com INT"]
[Date "2020.08.04"]
[Round "3"]
[White "Vlassov, Nikolai"]
[Black "Svidler, Peter"]
[Result "0-1"]
[WhiteElo "2352"]
[BlackElo "2723"]
[PlyCount "60"]
[EventDate "2020.08.04"]
[EventType "swiss (blitz)"]
[EventRounds "10"]
[EventCountry "USA"]
[SourceTitle "CBM 197 Extra"]
[Source "ChessBase"]
[SourceDate "2020.09.30"]
[SourceVersion "1"]
[SourceVersionDate "2020.09.30"]
[SourceQuality "1"]

1. e4 e5 2. Bc4 Nc6 3. f4 exf4 4. d4 Nf6 5. Nc3 Bb4 6. Qd3 O-O 7. Nge2 Bxc3+ 8.
bxc3 Re8 9. e5 d5 10. Bb5 Ne4 11. Bxf4 Bd7 12. O-O a6 13. Bxc6 Bxc6 14. a4 Qd7
15. Ng3 Nxg3 16. Qxg3 Re6 17. a5 Bb5 18. Rf3 b6 19. axb6 cxb6 20. h4 Rg6 21.
Qf2 h5 22. Rg3 Rxg3 23. Qxg3 Qf5 24. Qf2 Bc4 25. Re1 a5 26. e6 fxe6 27. Re5 Qf7
28. Qg3 Rf8 29. Be3 a4 30. Rg5 a3 0-1

[Event "Titled Tuesday intern op 11th Aug"]
[Site "Chess.com INT"]
[Date "2020.08.11"]
[Round "2"]
[White "Delaney, Killian"]
[Black "Svidler, Peter"]
[Result "0-1"]
[WhiteElo "2314"]
[BlackElo "2723"]
[PlyCount "70"]
[EventDate "2020.08.11"]
[EventType "swiss (blitz)"]
[EventRounds "10"]
[EventCountry "USA"]
[SourceTitle "CBM 197 Extra"]
[Source "ChessBase"]
[SourceDate "2020.09.30"]
[SourceVersion "1"]
[SourceVersionDate "2020.09.30"]
[SourceQuality "1"]

1. e4 c5 2. b4 b6 3. bxc5 bxc5 4. Nc3 Nc6 5. Nf3 e6 6. Rb1 Nge7 7. Bb5 Rb8 8.
O-O Qc7 9. Re1 a6 10. Bxc6 Nxc6 11. Bb2 f6 12. Nh4 Ne5 13. f4 Nf7 14. e5 f5 15.
Kh1 Qc6 16. d4 cxd4 17. Ne2 Bc5 18. Bxd4 Rxb1 19. Qxb1 Be7 20. Nf3 O-O 21. Qb3
Bb7 22. Rb1 Ba8 23. c3 Qe4 24. Qb2 g5 25. fxg5 Nxg5 26. Ng3 Qg4 27. Nxg5 Bxg5
28. Qe2 Bd5 29. Rb6 Qf4 30. Kg1 Qc1+ 31. Qf1 Be3+ 32. Kh1 f4 33. Qxc1 Bxc1 34.
Nh5 Kf7 35. Kg1 Rg8 0-1

[Event "Titled Tuesday intern op 14th July f"]
[Site "Chess.com INT"]
[Date "2020.08.11"]
[Round "1.1"]
[White "Svidler, Peter"]
[Black "Grigoriants, Sergey"]
[Result "1-0"]
[WhiteElo "2723"]
[BlackElo "2542"]
[PlyCount "37"]
[EventDate "2020.08.11"]
[EventType "k.o. (blitz)"]
[EventRounds "3"]
[EventCountry "USA"]
[SourceTitle "CBM 197 Extra"]
[Source "ChessBase"]
[SourceDate "2020.09.30"]
[SourceVersion "1"]
[SourceVersionDate "2020.09.30"]
[SourceQuality "1"]

1. c4 e5 2. g3 Nf6 3. Bg2 c6 4. Nc3 d5 5. cxd5 cxd5 6. Qb3 Nc6 7. Nxd5 Bc5 8.
Qb5 Nxd5 9. Qxc5 Be6 10. Nf3 Rc8 11. O-O Nd4 12. Qxa7 Nxe2+ 13. Kh1 O-O 14. d3
Qc7 15. Be3 Nb4 16. Rad1 Bxa2 17. Qa4 Qd6 18. Bd2 Nxd3 19. Qxa2 1-0

[Event "Titled Tuesday intern op 14th July f"]
[Site "Chess.com INT"]
[Date "2020.08.11"]
[Round "2.1"]
[White "Vachier Lagrave, Maxime"]
[Black "Svidler, Peter"]
[Result "1-0"]
[WhiteElo "2778"]
[BlackElo "2723"]
[PlyCount "35"]
[EventDate "2020.08.11"]
[EventType "k.o. (blitz)"]
[EventRounds "3"]
[EventCountry "USA"]
[SourceTitle "CBM 197 Extra"]
[Source "ChessBase"]
[SourceDate "2020.09.30"]
[SourceVersion "1"]
[SourceVersionDate "2020.09.30"]
[SourceQuality "1"]

1. c4 g6 2. d4 Nf6 3. Nc3 d5 4. cxd5 Nxd5 5. e4 Nxc3 6. bxc3 Bg7 7. Nf3 c5 8.
Rb1 O-O 9. Be2 b6 10. O-O Bb7 11. d5 Bxc3 12. Bc4 Bg7 13. h4 Ba6 14. Bxa6 Nxa6
15. h5 Qd7 16. Qe2 Nc7 17. Bf4 Nb5 18. Qxb5 1-0

[Event "Titled Tuesday intern op 14th July f"]
[Site "Chess.com INT"]
[Date "2020.08.11"]
[Round "2.2"]
[White "Svidler, Peter"]
[Black "Vachier Lagrave, Maxime"]
[Result "1/2-1/2"]
[WhiteElo "2723"]
[BlackElo "2778"]
[PlyCount "73"]
[EventDate "2020.08.11"]
[EventType "k.o. (blitz)"]
[EventRounds "3"]
[EventCountry "USA"]
[SourceTitle "CBM 197 Extra"]
[Source "ChessBase"]
[SourceDate "2020.09.30"]
[SourceVersion "1"]
[SourceVersionDate "2020.09.30"]
[SourceQuality "1"]

1. c4 e5 2. g3 Nf6 3. Bg2 d5 4. cxd5 Nxd5 5. Nc3 Nb6 6. d3 Bd6 7. Be3 O-O 8.
Rc1 Re8 9. h4 N8d7 10. Nf3 Nf6 11. Ng5 h6 12. Nge4 Ng4 13. Bc5 Bxc5 14. Nxc5 c6
15. e3 Qe7 16. N3e4 f5 17. Qb3+ Kh7 18. Nd2 f4 19. Be4+ Kh8 20. Ke2 Rf8 21. Nf3
fxe3 22. fxe3 Bf5 23. Rhf1 Bxe4 24. dxe4 Rf6 25. Nd2 Rxf1 26. Nxf1 Rf8 27. Nd3
Qf6 28. Nd2 Qg6 29. Rf1 Rxf1 30. Nxf1 Qxe4 31. Qe6 Nd5 32. Qe8+ Kh7 33. h5 Qg2+
34. Ke1 Qe4 35. Ke2 Qg2+ 36. Ke1 Qe4 37. Ke2 1/2-1/2

[Event "Titled Tuesday intern op 18th Aug"]
[Site "Chess.com INT"]
[Date "2020.08.18"]
[Round "2"]
[White "Svidler, Peter"]
[Black "Dragomirescu, Robin Alexandru"]
[Result "1-0"]
[WhiteElo "2723"]
[BlackElo "2337"]
[PlyCount "57"]
[EventDate "2020.08.18"]
[EventType "swiss (blitz)"]
[EventRounds "10"]
[EventCountry "USA"]
[SourceTitle "CBM 197 Extra"]
[Source "ChessBase"]
[SourceDate "2020.09.30"]
[SourceVersion "1"]
[SourceVersionDate "2020.09.30"]
[SourceQuality "1"]

1. e4 c5 2. Nf3 Nc6 3. Bb5 g6 4. Bxc6 dxc6 5. d3 Nf6 6. Nc3 Nd7 7. h4 h5 8. e5
Nb6 9. Ne4 c4 10. d4 Bg4 11. c3 Qd5 12. Qe2 Bg7 13. Bg5 a5 14. O-O Bh6 15. Bxh6
Rxh6 16. Qe3 Rh8 17. Nfg5 O-O-O 18. e6 Bxe6 19. Nc5 Bd7 20. Qxe7 Rhe8 21. Qxf7
Re2 22. Qxg6 Rde8 23. b3 Kb8 24. Qxh5 Bc8 25. Qh7 Rb2 26. Rab1 Rxb1 27. Rxb1
Ka7 28. bxc4 Qxc4 29. Qc7 1-0

[Event "Titled Tuesday intern op 18th Aug"]
[Site "Chess.com INT"]
[Date "2020.08.18"]
[Round "3"]
[White "Kovalev, Denis"]
[Black "Svidler, Peter"]
[Result "1/2-1/2"]
[WhiteElo "2487"]
[BlackElo "2723"]
[PlyCount "62"]
[EventDate "2020.08.18"]
[EventType "swiss (blitz)"]
[EventRounds "10"]
[EventCountry "USA"]
[SourceTitle "CBM 197 Extra"]
[Source "ChessBase"]
[SourceDate "2020.09.30"]
[SourceVersion "1"]
[SourceVersionDate "2020.09.30"]
[SourceQuality "1"]

1. Nf3 g6 2. c4 Bg7 3. Nc3 c5 4. g3 Nc6 5. Bg2 Nf6 6. O-O O-O 7. d4 cxd4 8.
Nxd4 Qa5 9. Nb3 Qh5 10. e4 d6 11. Qxh5 Nxh5 12. Nd5 Nf6 13. Bg5 Nxd5 14. cxd5
h6 15. Be3 Ne5 16. Rac1 b5 17. Na5 Nc4 18. Nxc4 bxc4 19. Rfd1 Ba6 20. Bd4 Rab8
21. Rc2 Bxd4 22. Rxd4 Rb4 23. Bf1 Rfb8 24. Bxc4 Bxc4 25. Rdxc4 Rxc4 26. Rxc4
Rxb2 27. Rc7 Rxa2 28. Rxe7 a5 29. e5 dxe5 30. d6 Rd2 31. Rxe5 Rxd6 1/2-1/2

[Event "Titled Tuesday intern op 18th Aug"]
[Site "Chess.com INT"]
[Date "2020.08.18"]
[Round "4"]
[White "Pert, Nicholas"]
[Black "Svidler, Peter"]
[Result "0-1"]
[WhiteElo "2548"]
[BlackElo "2723"]
[PlyCount "48"]
[EventDate "2020.08.18"]
[EventType "swiss (blitz)"]
[EventRounds "10"]
[EventCountry "USA"]
[SourceTitle "CBM 197 Extra"]
[Source "ChessBase"]
[SourceDate "2020.09.30"]
[SourceVersion "1"]
[SourceVersionDate "2020.09.30"]
[SourceQuality "1"]

1. d4 Nf6 2. Nf3 g6 3. g3 Bg7 4. Bg2 O-O 5. O-O b5 6. a4 b4 7. a5 Bb7 8. c3
bxc3 9. Nxc3 Na6 10. Bf4 d6 11. Qd2 Rb8 12. Bh6 Bxh6 13. Qxh6 Bxf3 14. Bxf3
Rxb2 15. Rfc1 c5 16. e3 cxd4 17. exd4 Nb4 18. Ne4 Nxe4 19. Bxe4 d5 20. Bf3 e6
21. h4 Qf6 22. Qe3 Nc2 23. Qc3 Nxd4 24. Kg2 Rb3 0-1

[Event "Titled Tuesday intern op 18th Aug"]
[Site "Chess.com INT"]
[Date "2020.08.18"]
[Round "5"]
[White "Svidler, Peter"]
[Black "Siva, Mahadevan"]
[Result "0-1"]
[WhiteElo "2723"]
[BlackElo "2349"]
[PlyCount "74"]
[EventDate "2020.08.18"]
[EventType "swiss (blitz)"]
[EventRounds "10"]
[EventCountry "USA"]
[SourceTitle "CBM 197 Extra"]
[Source "ChessBase"]
[SourceDate "2020.09.30"]
[SourceVersion "1"]
[SourceVersionDate "2020.09.30"]
[SourceQuality "1"]

1. e4 c5 2. Nf3 Nc6 3. Bb5 Na5 4. O-O a6 5. Be2 b5 6. Re1 Bb7 7. Bf1 e6 8. b3
Nf6 9. e5 Nd5 10. c4 bxc4 11. bxc4 Nb6 12. d3 d6 13. Nc3 dxe5 14. Nxe5 Bd6 15.
Rb1 O-O 16. Nf3 Rb8 17. Ne4 Bxe4 18. Rxe4 Nc6 19. g3 Nd7 20. Rxb8 Qxb8 21. d4
Nf6 22. Re3 cxd4 23. Nxd4 Nxd4 24. Qxd4 Qc7 25. Rd3 Bc5 26. Qf4 e5 27. Qf5 e4
28. Rb3 Re8 29. Bf4 Qa7 30. Bg5 Nd7 31. Qd5 Ne5 32. Qxe4 Bxf2+ 33. Kh1 Qd7 34.
Qd5 Qf5 35. Bf4 g5 36. Bxe5 Rxe5 37. Rb4 Rxd5 0-1

[Event "Titled Tuesday intern op 18th Aug"]
[Site "Chess.com INT"]
[Date "2020.08.18"]
[Round "7"]
[White "Suleymanli, Aydin Elshan"]
[Black "Svidler, Peter"]
[Result "0-1"]
[WhiteElo "2512"]
[BlackElo "2723"]
[PlyCount "52"]
[EventDate "2020.08.18"]
[EventType "swiss (blitz)"]
[EventRounds "10"]
[EventCountry "USA"]
[SourceTitle "CBM 197 Extra"]
[Source "ChessBase"]
[SourceDate "2020.09.30"]
[SourceVersion "1"]
[SourceVersionDate "2020.09.30"]
[SourceQuality "1"]

1. d4 g6 2. c4 Bg7 3. Nc3 c5 4. d5 Bxc3+ 5. bxc3 f5 6. h4 Nf6 7. h5 Rg8 8. hxg6
hxg6 9. Nf3 Qa5 10. Nd2 d6 11. Rb1 Qxa2 12. Bb2 Qa5 13. e3 Nbd7 14. f4 Ng4 15.
Qf3 Ndf6 16. Bd3 Bd7 17. Ra1 Qb6 18. Ra2 O-O-O 19. Ke2 Kb8 20. Rb1 Qc7 21. Bc1
e5 22. dxe6 Bc6 23. Qh3 Rh8 24. Qg3 Rde8 25. Nf3 Rxe6 26. Ng5 Ree8 0-1

[Event "Titled Tuesday intern op 18th Aug"]
[Site "Chess.com INT"]
[Date "2020.08.18"]
[Round "8"]
[White "Svidler, Peter"]
[Black "Tari, Aryan"]
[Result "1-0"]
[WhiteElo "2723"]
[BlackElo "2625"]
[PlyCount "93"]
[EventDate "2020.08.18"]
[EventType "swiss (blitz)"]
[EventRounds "10"]
[EventCountry "USA"]
[SourceTitle "CBM 197 Extra"]
[Source "ChessBase"]
[SourceDate "2020.09.30"]
[SourceVersion "1"]
[SourceVersionDate "2020.09.30"]
[SourceQuality "1"]

1. c4 g6 2. Nc3 Bg7 3. g3 c5 4. Bg2 Nc6 5. d3 e6 6. h4 h6 7. h5 g5 8. f4 gxf4
9. Bxf4 d6 10. Nf3 Nge7 11. Qd2 e5 12. Be3 Be6 13. O-O-O Qd7 14. Rdf1 f5 15.
Nh4 O-O-O 16. Nd5 Kb8 17. Kb1 Bxd5 18. cxd5 Nb4 19. a3 Nbxd5 20. Bxd5 Nxd5 21.
Nxf5 e4 22. dxe4 Nxe3 23. Qxe3 Be5 24. Rd1 Qb5 25. Rd2 c4 26. Rc1 c3 27. Rxc3
Bxc3 28. Qxc3 Rhf8 29. g4 Qa4 30. Qd4 Qxd4 31. Rxd4 Rf6 32. e5 Re6 33. exd6 Kc8
34. Rc4+ Kb8 35. e4 Rg8 36. e5 Rxe5 37. Nxh6 Rd8 38. Nf5 b5 39. Rf4 Re1+ 40.
Ka2 a5 41. h6 a4 42. Rb4 Ka7 43. Rxb5 Ka6 44. Rb4 Ka5 45. h7 Rc8 46. Nd4 Rcc1
47. Nc6+ 1-0

[Event "Titled Tuesday intern op 18th Aug"]
[Site "Chess.com INT"]
[Date "2020.08.18"]
[Round "9"]
[White "Srihari, LR."]
[Black "Svidler, Peter"]
[Result "0-1"]
[WhiteElo "2414"]
[BlackElo "2723"]
[PlyCount "78"]
[EventDate "2020.08.18"]
[EventType "swiss (blitz)"]
[EventRounds "10"]
[EventCountry "USA"]
[SourceTitle "CBM 197 Extra"]
[Source "ChessBase"]
[SourceDate "2020.09.30"]
[SourceVersion "1"]
[SourceVersionDate "2020.09.30"]
[SourceQuality "1"]

1. d4 Nf6 2. Bg5 Ne4 3. Bf4 c5 4. f3 Qa5+ 5. c3 Nf6 6. d5 Qb6 7. Bc1 d6 8. e4
g6 9. Na3 Bg7 10. Nc4 Qc7 11. a4 O-O 12. Ne2 Nbd7 13. Ng3 b6 14. Be2 Bb7 15.
Bg5 a6 16. O-O b5 17. Ne3 c4 18. Nc2 Nc5 19. Nd4 Nxa4 20. Qd2 Nc5 21. Bh6 Bxh6
22. Qxh6 Kh8 23. h4 Ng8 24. Qe3 e5 25. dxe6 fxe6 26. f4 e5 27. fxe5 dxe5 28.
Nf3 Ne6 29. Ng5 Nf4 30. Bg4 Nf6 31. Bh3 Rae8 32. Rad1 h6 33. Nf3 Kg7 34. Kh2
Re7 35. Nxe5 Nxh3 36. Rxf6 Rxf6 37. Ng4 Qf4 38. Qc5 Rc7 39. Qd4 Qxg4 0-1

[Event "Titled Tuesday intern op 18th Aug"]
[Site "Chess.com INT"]
[Date "2020.08.18"]
[Round "10"]
[White "Svidler, Peter"]
[Black "Tang, Andrew"]
[Result "1-0"]
[WhiteElo "2723"]
[BlackElo "2538"]
[PlyCount "81"]
[EventDate "2020.08.18"]
[EventType "swiss (blitz)"]
[EventRounds "10"]
[EventCountry "USA"]
[SourceTitle "CBM 197 Extra"]
[Source "ChessBase"]
[SourceDate "2020.09.30"]
[SourceVersion "1"]
[SourceVersionDate "2020.09.30"]
[SourceQuality "1"]

1. e4 e5 2. Nf3 Nc6 3. Bb5 g6 4. O-O Bg7 5. c3 a6 6. Ba4 b5 7. Bc2 d6 8. a4 b4
9. a5 Nge7 10. h3 O-O 11. d3 h6 12. Nbd2 Kh7 13. Re1 Rb8 14. Nc4 Be6 15. Ne3 d5
16. Bd2 bxc3 17. bxc3 d4 18. cxd4 Nxd4 19. Nxd4 exd4 20. Ng4 h5 21. Nh2 c5 22.
Nf3 f6 23. e5 Bd5 24. exf6 Bxf6 25. Ng5+ Bxg5 26. Bxg5 Rf7 27. Rb1 Rxb1 28.
Qxb1 Qd7 29. Qb6 Bxg2 30. Qe6 Qxe6 31. Rxe6 Nc6 32. Kxg2 Nb4 33. Bb3 Nxd3 34.
Re7 Rxe7 35. Bxe7 Kg7 36. Bc4 Nb2 37. Bxa6 d3 38. Bxc5 d2 39. Be2 d1=Q 40. Bxd1
Nxd1 41. a6 1-0

[Event "Titled Tuesday intern op 1st Sept"]
[Site "Chess.com INT"]
[Date "2020.09.01"]
[Round "1"]
[White "Svidler, Peter"]
[Black "Villalba, Marcelo"]
[Result "1-0"]
[WhiteElo "2723"]
[BlackElo "2258"]
[PlyCount "70"]
[EventDate "2020.09.01"]
[EventType "swiss (blitz)"]
[EventRounds "10"]
[EventCountry "USA"]
[SourceTitle "EXT 2021"]
[Source "ChessBase"]
[SourceDate "2020.10.23"]
[SourceVersion "1"]
[SourceVersionDate "2020.10.23"]
[SourceQuality "1"]

1. e4 e5 2. Nf3 Nc6 3. Bb5 a6 4. Ba4 Nf6 5. O-O Be7 6. Re1 b5 7. Bb3 d6 8. c3
O-O 9. h3 Nd7 10. d4 Bf6 11. a4 Bb7 12. d5 Na5 13. Ba2 Nb6 14. b4 Nac4 15. a5
Nc8 16. Bxc4 bxc4 17. Na3 c6 18. dxc6 Bxc6 19. Nxc4 Re8 20. Be3 Bxe4 21. Bb6
Nxb6 22. Nxb6 Bxf3 23. Qxf3 Ra7 24. Nd5 Ra8 25. Rad1 Rc8 26. Qd3 e4 27. Rxe4
Rxe4 28. Qxe4 g6 29. c4 Kg7 30. Qf3 Be5 31. c5 Rb8 32. c6 Rb5 33. c7 Qc8 34.
Rc1 f5 35. Nb6 Rxb6 1-0

[Event "Titled Tuesday intern op 1st Sept"]
[Site "Chess.com INT"]
[Date "2020.09.01"]
[Round "2"]
[White "Shapkin, Anatoliy"]
[Black "Svidler, Peter"]
[Result "0-1"]
[WhiteElo "2283"]
[BlackElo "2723"]
[PlyCount "62"]
[EventDate "2020.09.01"]
[EventType "swiss (blitz)"]
[EventRounds "10"]
[EventCountry "USA"]
[SourceTitle "EXT 2021"]
[Source "ChessBase"]
[SourceDate "2020.10.23"]
[SourceVersion "1"]
[SourceVersionDate "2020.10.23"]
[SourceQuality "1"]

1. d4 Nf6 2. c4 g6 3. Nc3 d5 4. Nf3 Bg7 5. cxd5 Nxd5 6. e4 Nxc3 7. bxc3 c5 8.
Be3 O-O 9. Be2 b6 10. O-O Bb7 11. Qd3 e6 12. Bg5 Qc7 13. Qe3 Nd7 14. e5 a6 15.
Bh6 b5 16. h4 Nb6 17. Bxg7 Kxg7 18. h5 Nd5 19. h6+ Kg8 20. Qd2 Qa5 21. Qg5 Rfc8
22. Nd2 Qd8 23. Qg3 cxd4 24. cxd4 Nc3 25. Bf3 Qxd4 26. Nb3 Qb4 27. Rfe1 Bxf3
28. Qxf3 Nd5 29. Re4 Qc3 30. Re3 Nxe3 31. Qf6 Qxa1+ 0-1

[Event "Titled Tuesday intern op 1st Sept"]
[Site "Chess.com INT"]
[Date "2020.09.01"]
[Round "3"]
[White "Svidler, Peter"]
[Black "Chylewski, Patryk"]
[Result "1-0"]
[WhiteElo "2723"]
[BlackElo "2337"]
[PlyCount "53"]
[EventDate "2020.09.01"]
[EventType "swiss (blitz)"]
[EventRounds "10"]
[EventCountry "USA"]
[SourceTitle "EXT 2021"]
[Source "ChessBase"]
[SourceDate "2020.10.23"]
[SourceVersion "1"]
[SourceVersionDate "2020.10.23"]
[SourceQuality "1"]

1. e4 c5 2. Nf3 d6 3. d4 cxd4 4. Nxd4 Nf6 5. Nc3 a6 6. h3 e6 7. g4 h6 8. Bg2
Nbd7 9. f4 Qc7 10. Qe2 Be7 11. Be3 Nc5 12. O-O-O Rb8 13. h4 Nfd7 14. g5 b5 15.
Kb1 Nb6 16. Nd5 exd5 17. exd5 Bd7 18. Nc6 Bxc6 19. dxc6 Kf8 20. f5 Re8 21. Qf2
h5 22. f6 gxf6 23. gxf6 Bd8 24. Bxc5 dxc5 25. Qxc5+ Kg8 26. Qg5+ Kh7 27. Qg7#
1-0

[Event "Titled Tuesday intern op 1st Sept"]
[Site "Chess.com INT"]
[Date "2020.09.01"]
[Round "4"]
[White "Balakrishnan, Praveen"]
[Black "Svidler, Peter"]
[Result "1-0"]
[WhiteElo "2498"]
[BlackElo "2723"]
[PlyCount "27"]
[EventDate "2020.09.01"]
[EventType "swiss (blitz)"]
[EventRounds "10"]
[EventCountry "USA"]
[SourceTitle "EXT 2021"]
[Source "ChessBase"]
[SourceDate "2020.10.23"]
[SourceVersion "1"]
[SourceVersionDate "2020.10.23"]
[SourceQuality "1"]

1. d4 Nf6 2. c4 g6 3. Nc3 d5 4. Nf3 Bg7 5. Qb3 dxc4 6. Qxc4 O-O 7. e4 Be6 8. d5
Bg4 9. e5 Bxf3 10. exf6 Bxf6 11. gxf3 Nd7 12. Bh6 Nb6 13. Qe4 Re8 14. Bb5 1-0

[Event "Titled Tuesday intern op 1st Sept"]
[Site "Chess.com INT"]
[Date "2020.09.01"]
[Round "5"]
[White "Espinosa Veloz, Ermes"]
[Black "Svidler, Peter"]
[Result "1-0"]
[WhiteElo "2485"]
[BlackElo "2723"]
[PlyCount "103"]
[EventDate "2020.09.01"]
[EventType "swiss (blitz)"]
[EventRounds "10"]
[EventCountry "USA"]
[SourceTitle "EXT 2021"]
[Source "ChessBase"]
[SourceDate "2020.10.23"]
[SourceVersion "1"]
[SourceVersionDate "2020.10.23"]
[SourceQuality "1"]

1. e4 c5 2. Nf3 d6 3. d4 cxd4 4. Nxd4 Nf6 5. Nc3 a6 6. Nb3 e6 7. g4 b5 8. Bg2
Bb7 9. g5 Nfd7 10. f4 h6 11. h4 hxg5 12. hxg5 Rxh1+ 13. Bxh1 Nb6 14. Na5 Qc7
15. Nxb7 Qxb7 16. g6 Nc6 17. Qh5 fxg6 18. Qxg6+ Qf7 19. Qxf7+ Kxf7 20. a4 b4
21. Ne2 Be7 22. b3 Rh8 23. Bg2 Nd7 24. Be3 g5 25. fxg5 Nde5 26. O-O-O Rh2 27.
Rg1 Rh4 28. Rf1+ Ke8 29. Bf4 Kd7 30. Rh1 Rxh1+ 31. Bxh1 Ng6 32. Bd2 a5 33. c3
bxc3 34. Nxc3 Nge5 35. Nb5 Ke8 36. Bg2 Kf7 37. Kc2 Kg6 38. Bh3 Bxg5 39. Bxg5
Kxg5 40. Bxe6 Kf4 41. Bd5 Nb4+ 42. Kc3 Nxd5+ 43. exd5 Ke4 44. Nc7 Nd3 45. Kc4
Nc5 46. Nb5 Ke5 47. Na7 Ke4 48. Nc6 Nd3 49. Nxa5 Ne5+ 50. Kb5 Kxd5 51. Nb7 Nd3
52. a5 1-0